=LDR 00000nam 2200000 4500 =001 INLIS000000000025337 =005 20130612123845 =008 ***********************************Ind** =035 ##$$0010-061300000025337 =041 ##$$a Ind =082 ##$$a 500 =090 ##$$a 500, Ham p =100 ##$$a Hamid, Ibnu =245 ##$$a Percobaan dengan tali sabun, Ibnu Hamid =260 ##$$a 2006 $b Bandung =300 ##$$a iv, 28 hlm, ilus, 30 cm =650 ##$$a Sains =850 ##$$a NBPNMAT